00462cam a2200181 a 4500001000800000005001700008008004100025010001700066020003200083040001800115041000800133080000800141082001600149100000700165101000900172245005800181504004100239147698320180129084910.0870507s1988 nyua b 001 0 eng  a 87009804  a0387965440 (U.S.) :c$25.00 aDLCcDLCdDLC aeng a00400a004 WEI219 a30 aSHKI02aA computer science reader :cedited by Eric A. Weiss. aIncludes bibliographies and indexes.